Copa Libertadores Winners - Statistics

General Stats
  • This quiz has been taken 1,241 times
  • The average score is 14 of 27
Answers on the Grid
Answers color-coded by a green-red scale on the quiz's grid according to % correct below.
Independiente
Boca Juniors
Peñarol
River Plate
Estudiantes
Olimpia
Nacional
São Paulo
Palmeiras
Santos
Grêmio
Flamengo
Cruzeiro
Internacional
Atlético Nacional
Colo-Colo
Fluminense
Racing
Argentinos Juniors
Vélez Sarsfield
Vasco da Gama
Once Caldas
LDU Quito
Corinthians
Botafogo
Atlético Mineiro
San Lorenzo
América de Cali
Deportivo Cali
Cobreloa
Newell's Old Boys
Barcelona
Athletico Paranaense
Universitario
Unión Española
Universidad Católica
Sporting Cristal
Cruz Azul
São Caetano
Guadalajara
ndependiente del Valle
Tigres UANL
 
Answer Stats
Answer % Correct
Boca Juniors
67%
Fluminense
65%
River Plate
65%
Palmeiras
63%
Flamengo
61%
São Paulo
61%
Corinthians
60%
Santos
60%
Botafogo
56%
Grêmio
53%
Atlético Mineiro
52%
Independiente
52%
Internacional
52%
Peñarol
52%
Colo-Colo
49%
Cruzeiro
48%
Estudiantes
47%
Vasco da Gama
46%
Atlético Nacional
44%
Nacional
42%
Racing
42%
San Lorenzo
42%
Vélez Sarsfield
40%
Olimpia
38%
LDU Quito
35%
Argentinos Juniors
34%
Once Caldas
33%
No matching quizzes found
Score Distribution
Percent of People with Each Score
Percentile by Number Answered
Your Score History
You have not taken this quiz